[Event "Gdansk op 12th "]
[Site "Gdansk"]
[Date "2010.07.22"]
[Round "7"]
[White "Kumala, Aleksander"]
[Black "Kapica, Wlodzimierz"]
[Result "1-0"]
[WhiteElo "1857"]
[BlackElo "2053"]
[PlyCount "114"]
[EventDate "2010.07.17"]
[EventType "swiss"]
[EventRounds "9"]
[EventCountry "POL"]
[SourceTitle "EXT 2011"]
[Source "ChessBase"]
[SourceDate "2010.11.26"]
[SourceVersion "1"]
[SourceVersionDate "2010.11.26"]
[SourceQuality "1"]

1. e4 Nf6 2. Nc3 e5 3. f4 d6 4. Nf3 Nc6 5. Bc4 Be7 6. 0-0 0-0 7. d3 Bg4 8. h3 Bxf3 9. Qxf3 Nd4 10. Qf2 c6 11. Be3 Ne6 12. fxe5 dxe5 13. Qg3 Nf4 14. Bxf4 Nh5 15. Qg4 Nxf4 16. g3 Ng6 17. h4 Qd6 18. h5 Nh8 19. Rf5 g5 20. Raf1 h6 21. Nd1 Kg7 22. Ne3 Qc5 23. Qf3 f6 24. d4 Qxd4 25. Rd1 Qc5 26. Rd7 b5 27. Bxb5 cxb5 28. b4 Qxb4 29. Nd5 Qc5+ 30. Kg2 Rf7 31. Rxf6 Bxf6 32. Qxf6+ Kg8 33. Rxf7 Nxf7 34. Ne7+ Kf8 35. Ng6+ Ke8 36. Qe6+ Kd8 37. Qxf7 Qxc2+ 38. Kh3 Qxe4 39. Qf6+ Kc7 40. Nxe5 Qh1+ 41. Kg4 Qd1+ 42. Kh3 Qd6 43. Qg7+ Kb6 44. Ng4 Qe6 45. Qd4+ Ka6 46. a4 Rc8 47. axb5+ Kb7 48. Qg7+ Rc7 49. Qf8 Rf7 50. Qg8 Qd5 51. Qg6 Qf3 52. Qa6+ Kb8 53. b6 Qh1+ 54. Nh2 g4+ 55. Kxg4 Qe4+ 56. Kh3 Qe6+ 57. Ng4 Qxb6 1-0

[Event "Gdansk op 12th "]
[Site "Gdansk"]
[Date "2010.07.18"]
[Round "2"]
[White "Kapica, Wlodzimierz"]
[Black "Bieszk, Stanislaw"]
[Result "1-0"]
[WhiteElo "2053"]
[BlackElo "1788"]
[PlyCount "77"]
[EventDate "2010.07.17"]
[EventType "swiss"]
[EventRounds "9"]
[EventCountry "POL"]
[SourceTitle "EXT 2011"]
[Source "ChessBase"]
[SourceDate "2010.11.26"]
[SourceVersion "1"]
[SourceVersionDate "2010.11.26"]
[SourceQuality "1"]

1. e4 c5 2. Nf3 d6 3. d4 cxd4 4. Qxd4 Nc6 5. Bb5 Bd7 6. Bxc6 Bxc6 7. c4 Nf6 8. Nc3 e6 9. 0-0 Be7 10. b3 Nd7 11. Bb2 Bf6 12. Qxd6 Qa5 13. b4 Qh5 14. b5 Bxe4 15. Nxe4 Bxb2 16. Rad1 0-0-0 17. Qf4 Ne5 18. Nd6+ Rxd6 19. Rxd6 Nxf3+ 20. Qxf3 Qxf3 21. gxf3 Rd8 22. Rxd8+ Kxd8 23. Rb1 Bd4 24. Rd1 e5 25. f4 f6 26. fxe5 fxe5 27. Kf1 b6 28. Ke2 Ke7 29. f4 h6 30. Kf3 g5 31. f5 Kf6 32. Ke4 h5 33. a4 g4 34. Rxd4 exd4 35. a5 d3 36. Kxd3 Kxf5 37. c5 Ke6 38. cxb6 axb6 39. a6 1-0

[Event "Gdansk op"]
[Site "Gdansk"]
[Date "2009.07.25"]
[Round "8"]
[White "Walkusz, Witoslaw"]
[Black "Kapica, Wlodzimierz"]
[Result "1-0"]
[WhiteElo "2131"]
[BlackElo "2038"]
[PlyCount "101"]
[EventDate "2009.07.19"]
[EventType "swiss"]
[EventRounds "9"]
[EventCountry "POL"]
[SourceTitle "CBM 131 Extra"]
[Source "ChessBase"]
[SourceDate "2009.09.03"]
[SourceVersion "2"]
[SourceVersionDate "2009.09.16"]
[SourceQuality "1"]

1. e4 Nf6 2. e5 Nd5 3. c4 Nb6 4. c5 Nd5 5. Bc4 e6 6. d4 d6 7. cxd6 cxd6 8. Nf3 Nb6 9. Bd3 dxe5 10. dxe5 Bb4+ 11. Nc3 Nd5 12. 0-0 Nxc3 13. bxc3 Be7 14. Qa4+ Bd7 15. Qg4 g6 16. Bh6 Nc6 17. Qf4 Qc7 18. Rfe1 f5 19. Ng5 Bf6 20. Nxe6 Bxe6 21. exf6 Qxf4 22. Bxf4 Kf7 23. Rab1 b6 24. Bb5 Rac8 25. h4 Rhd8 26. Ba6 Bxa2 27. Bxc8 Rxc8 28. Rbd1 Be6 29. Rd6 Nd8 30. Rd7+ Bxd7 31. Re7+ Kg8 32. Rg7+ Kh8 33. Rxd7 h5 34. Bh6 Ne6 35. Re7 Nf8 36. f7 Kh7 37. Re8 Kxh6 38. Rxc8 Kg7 39. Rc7 a6 40. Ra7 a5 41. Rb7 Ne6 42. Rxb6 Kxf7 43. Ra6 Nf4 44. Kf1 Nd5 45. c4 Nf4 46. Rxa5 Ke6 47. g3 Nd3 48. Ke2 Nb2 49. Ra6+ Ke5 50. c5 Nc4 51. Rxg6 1-0

[Event "Gdansk op"]
[Site "Gdansk"]
[Date "2009.07.20"]
[Round "4"]
[White "Kaczmarek, Piotr1111"]
[Black "Kapica, Wlodzimierz"]
[Result "0-1"]
[WhiteElo "1897"]
[BlackElo "2038"]
[PlyCount "70"]
[EventDate "2009.07.19"]
[EventType "swiss"]
[EventRounds "9"]
[EventCountry "POL"]
[SourceTitle "CBM 131 Extra"]
[Source "ChessBase"]
[SourceDate "2009.09.03"]
[SourceVersion "2"]
[SourceVersionDate "2009.09.16"]
[SourceQuality "1"]

1. c4 Nf6 2. Nc3 d5 3. cxd5 Nxd5 4. e4 Nxc3 5. dxc3 Qxd1+ 6. Kxd1 b6 7. Bb5+ c6 8. Bc4 b5 9. Bb3 a5 10. a4 e6 11. Be3 b4 12. c4 Na6 13. Bc2 Be7 14. Nf3 0-0 15. Ke2 b3 16. Bxb3 Rb8 17. Nd2 Rd8 18. Rab1 Rxd2+ 19. Bxd2 Rxb3 20. Bxa5 Nc5 21. Rhd1 Ba6 22. f3 Bxc4+ 23. Kf2 Kf8 24. Bc7 Nxa4 25. Rd4 Bb5 26. Ra1 Bc5 27. Bd6+ Bxd6 28. Rxd6 Rxb2+ 29. Kg3 Ke7 30. Rd4 Nc5 31. Ra7+ Kf6 32. Rd8 Bf1 33. Rf8 Rxg2+ 34. Kf4 e5+ 35. Ke3 Re2# 0-1

[Event "Gdansk op"]
[Site "Gdansk"]
[Date "2009.07.20"]
[Round "3"]
[White "Kapica, Wlodzimierz"]
[Black "Budrewicz, Krzysztof"]
[Result "0-1"]
[WhiteElo "2038"]
[BlackElo "2374"]
[PlyCount "114"]
[EventDate "2009.07.19"]
[EventType "swiss"]
[EventRounds "9"]
[EventCountry "POL"]
[SourceTitle "CBM 131 Extra"]
[Source "ChessBase"]
[SourceDate "2009.09.03"]
[SourceVersion "2"]
[SourceVersionDate "2009.09.16"]
[SourceQuality "1"]

1. e4 g6 2. d4 Bg7 3. Nf3 d6 4. Nc3 Nf6 5. Bc4 0-0 6. 0-0 a6 7. a4 Nc6 8. Re1 Bg4 9. Be3 Nd7 10. Be2 e5 11. dxe5 Bxf3 12. Bxf3 dxe5 13. Nd5 Nd4 14. Bxd4 exd4 15. Nf4 c6 16. Nd3 Re8 17. g3 c5 18. b3 b5 19. axb5 axb5 20. Rxa8 Qxa8 21. Bg4 Nf6 22. Nxc5 Nxg4 23. Qxg4 f5 24. Qe2 Qc6 25. b4 Bf8 26. Qd3 Bxc5 27. bxc5 Qxc5 28. f3 fxe4 29. fxe4 Qc3 30. Rd1 Qxd3 31. Rxd3 Rxe4 32. Kf2 Re5 33. Rxd4 Rh5 34. Kg2 Rc5 35. Rd2 Rc3 36. Kh3 Rc5 37. Kg4 Kf7 38. Kf4 Ke6 39. h4 h5 40. Kf3 Kf5 41. Kg2 Ke4 42. Kf2 b4 43. Ke2 Rc3 44. Kf2 Rf3+ 45. Kg2 Rf6 46. Kh3 Rc6 47. g4 Rc3+ 48. Kg2 hxg4 49. Rd6 Kf5 50. Rd5+ Kf6 51. Rd4 Rxc2+ 52. Kg3 b3 53. Rb4 b2 54. Kxg4 Rc4+ 55. Rxc4 b1Q 56. Rc6+ Kg7 57. Ra6 Qg1+ 0-1